Unes altres veus (Registro nro. 303869)

Detalles MARC
000 -ENCABEZADO
Número de control [NR] 01865ngm a2200385 c 4500
001 - NÚMERO DE CONTROL
control field a5538169
005 - FECHA Y HORA DE LA ÚLTIMA TRANSACCIÓN
control field 20180622105856.0
008 - DE LONGITUD FIJA DE DATOS DE ELEMENTOS - INFORMACIÓN GENERAL
Elementos de longitud fija [NR] 161125q20112012sp 074 f vnmul d
040 ## - FUENTE DE CATALOGACION [NR]
Agencia de catalogación original [NR] Co-BoUCM
Idioma de catalogación [NR] Español
Quien Cataloga Saul Niño
Quien Clasifica Saul Niño
041 1# - CODIGO DE IDIOMA [R]
Código de idioma para texto/pista de sonido o título separado [R] Español
092 ## - SIGNATURA TOPOGRAFICA LOCAL
Número de clasificación local DVD 1582
245 00 - MENCION DE TITULO [NR]
Título [NR] Unes altres veus
Parte restante del título [NR] otras voces
Mención de responsabilidad, etc. [NR] direcció i guió, Silvia Cortés, Iván Ruiz ; direcció de producció, Marta Alonso ; direcció de fotografía, Xavier Garriga
260 ## - PUBLICACION, DISTRIBUCION, ETC. (PIE DE IMPRENTA) [R]
Lugar de publicación, distribución, etc. [R] Barcelona (España)
Nombre del editor, distribuidor, etc. [R] Teidees Audiovisuals
-- Associació Teadir
Fecha de publicación, distribución, etc. [R] [2011-2012]
300 ## - DESCRIPCION FISICA [R]
Extensión [R] 1 DVD (ca. 74 minutos)
Material acompañante [NR] 1 Folleto (17 páginas)
500 ## - NOTA GENERAL [R]
Nota general [NR] Videodisco divulgativo
508 ## - NOTA DE CREDITOS DE CREACION/PRODUCCION [R]
Nota de créditos de creación/producción [NR] Idea original, Iván Ruiz Acero ; realización, Silvia Cortes
511 1# - NOTA DE PARTICIPANTE O INTERPRETE [R]
Nota de participante o intérprete [NR] Albert Mateu ; locución, Oriol Parreño
518 ## - NOTA DE FECHA/HORA Y LUGAR DE UN EVENTO [R]
Nota de fecha/hora y lugar de un acontecimiento [NR] Realizado en el 2011 en España
520 3# - NOTA DE RESUMEN, ETC. [R]
Nota de sumario, etc. [NR] Se regoge el testimonio de Albert Mateu que sufre autismo. Le diagnosticaron de síndrome de Asperger. En el vídeo se recogen los testimonios de psicoanalistas, padres y madres de niños diagnosticados con la mima enfermedad que nos ofrecen una visión de cómo es su día a día con esta enfermedad
522 ## - NOTA DE COBERTURA GEOGRAFICA [R]
Nota de cobertura geográfica [NR] Lugar de rodaje: Barcelona
546 ## - NOTA DE IDIOMA [R]
Nota de idioma [NR] Idioma en catalán, español, francés, italiano. Con subtítulos en catalán, castellano, inglés, italiano, alemán y portugués
650 #7 - ASIENTO SECUNDARIO DE MATERIA - TERMINO TEMATICO [R]
Término temático o nombre geográfico como elemento de entrada [NR] Autismo
9 (RLIN) 9761
Subdivisión general [R] Cine documental
650 #7 - ASIENTO SECUNDARIO DE MATERIA - TERMINO TEMATICO [R]
Término temático o nombre geográfico como elemento de entrada [NR] Síndrome de Asperger
9 (RLIN) 24452
Subdivisión de forma [R] Cine documental
655 #7 - TERMINO DE INDIZACION - GENERO/FORMA [R]
Datos o término principal de género/forma [NR] Documentales
-- 82101
690 #0 - ASUNTO AGREGADO LOCAL DE ENTRADA - TÉRMINO TEMÁTICO (OCLC, RLIN)
Acceso temático local Entretenimiento
9 (RLIN) 26487
700 1# - ASIENTO SECUNDARIO - NOMBRE PERSONAL [R]
Nombre personal [NR] Cortés, Silvia
9 (RLIN) 82102
700 1# - ASIENTO SECUNDARIO - NOMBRE PERSONAL [R]
Nombre personal [NR] Ruiz Acero, Iván
9 (RLIN) 82103
700 1# - ASIENTO SECUNDARIO - NOMBRE PERSONAL [R]
Nombre personal [NR] Alonso, Marta
9 (RLIN) 82104
700 1# - ASIENTO SECUNDARIO - NOMBRE PERSONAL [R]
Nombre personal [NR] Garriga, Xavier
9 (RLIN) 82105
700 1# - ASIENTO SECUNDARIO - NOMBRE PERSONAL [R]
Nombre personal [NR] Parreño, Oriol
9 (RLIN) 82106
700 1# - ASIENTO SECUNDARIO - NOMBRE PERSONAL [R]
Nombre personal [NR] Mateu, Albert
9 (RLIN) 82107
710 2# - ASIENTO SECUNDARIO - NOMBRE CORPORATIVO [R]
Nombre corporativo o de jurisdicción como elemento de entrada [NR] Asosiació Teadir
9 (RLIN) 82108
942 ## - ELEMENTOS DE ENTRADA AGREGADOS (KOHA)
Sistema de clasificación LOCAL
Tema principal Entretenimiento
Tipo de ítem principal el descrito en 300a Multimedia
Edición 1
Clasificación DVD 1582
Título oculto en OPAC No
956 ## - UBICACIÓN Y ACCESO ELECTRÓNICO LOCAL (OCLC)
Host name 1
Existencias
Suprimido Perdido Sistema de clasificación Dañado No prestable Tipo de ítem específico Ubicación habitual Ubicación actual Localización Fecha de creación Proveedor Forma de adquisición Costo Total préstamos Signatura topográfica Código de barras Última vez visto Ejemplar Costo de reposición Price effective from Tipo de ítem Volúmen / Fascículo
    LOCAL     DVD Quinta de Mutis Quinta de Mutis Colección digital 25/11/2016 12 Donación 0.00   DVD 1582 200029628 12/12/2025 Ej.2 26000.00 25/11/2016 Multimedia  
    LOCAL     Folleto Quinta de Mutis Quinta de Mutis 2do piso 25/11/2016   Donación     DVD 1582 200029629 12/12/2025 Ej: 1   25/11/2016 Libro Folleto